|
|
|
|
| LEADER |
00000cam a2200000 7i4500 |
| 001 |
0000075310 |
| 005 |
20110815093000.0 |
| 008 |
110712s2010 le ara |
| 050 |
0 |
0 |
|a PJ6106
|b .M87 2010
|
| 090 |
0 |
0 |
|a PJ6106
|b .M87 2010
|
| 100 |
1 |
|
|a مراد، إبراهيم ,
|e author
|
| 241 |
1 |
0 |
|a Min al-mu'jam ila al-qamus
|c Ibrahim Ibn Murad
|
| 245 |
1 |
0 |
|a من المعجم إلى القاموس
|c إبراهيم بن مراد
|
| 260 |
|
|
|a Bayrut :
|b Dar al-Gharb al-Islami ,
|c 2010
|
| 300 |
|
|
|a XIII, 291 p. ;
|c 24 cm.
|
| 504 |
|
|
|a Includes bibliographical references and indexes (p. 255-290)
|
| 650 |
|
0 |
|a Arabic language
|x Grammar
|x Study and teaching
|
| 999 |
|
|
|a 1000142947
|b Book
|c OPEN SHELF (30 DAYS)
|e Gong Badak Campus
|